Quizzes
Events
Quiz Creation
Community
Videos
Private Events
Remove Ads
Sign In
Join for FREE
Feedback
Dark Mode
Quiz Categories
Sports
Geography
Music
Movies
Television
Just For Fun
Miscellaneous
History
Literature
Language
Science
Gaming
Entertainment
Religion
Holiday
For Kids
Quiz Lab
Recent
Popular Today
Quiz Kudos Today
Editor Picks
Curator Picks
Quizzes by...
Day
Popularity
Type
Ratings
Length
Year
Community
Subscriptions
Recent Discussions
Orange Saloon
Badges
Playlists
Quests
Create
Leaderboards
Showdown
Live 5
Trivia Bingo
Activity
Puzzle Library
Sporcle Events
Private Events
Virtual Trivia
Globe League
Become a Host
Pub Owners
SporcleCon
Opinionation
Our Games
Videos
Blog
Mobile Apps
Partnerships
Remove Ads and Go Orange
Feedback
Sports
Athletes
MLB
NBA
NHL
NFL
Soccer
Sports Teams
WWE
NCAA
Football
Premier League
Basketball
Baseball
Hockey
Golf
Tennis
Cricket
Rugby
Auto Racing
Olympics
World Cup
Sports
Athletes
MLB
NBA
NHL
NFL
Soccer
Sports Teams
WWE
NCAA
Football
Premier League
Basketball
Baseball
Hockey
Golf
Tennis
Cricket
Rugby
Auto Racing
Olympics
World Cup
Random Quiz
Search Sporcle
×
Quiz Lab
Quiz Lab
Sports
Baseball
Type in answers that appear in a list
Type in answers that appear in a list
Classic
Best Score? Go Orange.
MLB Hall of Fame Catchers Stats
Can you name the MLB Hall of Fame Catchers?
By
legend930
4m
13 Questions
508 Plays
508 Plays
508 Plays
Comments
Comments
Give Quiz Kudos
Give Quiz Kudos
-
- Ratings
hide this ad
More Info
Replay
Link that replays current quiz
Next Quiz
Link to next quiz in quiz playlist
You Got
0%
They Got
Avg Score
62%
Avg Friend Score
Upgrade to see
Score Distribution
Jump to the score distribution portion of the page
Score
0/13
Timer
04:00
0
Plays Today
Year Elected
Catcher
% Correct
1989
Johnny Bench
96.1%
1972
Yogi Berra
95.5%
2000
Carlton Fisk
89.4%
1969
Roy Campanella
84.8%
2003
Gary Carter
80.1%
1954
Bill Dickey
74.6%
1947
Mickey Cochrane
65.2%
1955
Gaby Hartnett
51.2%
1986
Ernie Lombardi
47.2%
1945
Roger Bresnahan
36.8%
1955
Ray Schalk
35.6%
1984
Rick Ferrell
28.3%
1939
Buck Ewing
24.2%
Quiz Playlist
Details
Report
Send in Message
Add To Playlist
More Info:
This is for MLB catchers only
Classic:
Type in answers that appear in a list
Quiz Source
Last Updated: Feb 16, 2017
Quiz Scoreboard
CHALLENGE
Sign Up to Join the Scoreboard
Show All
Scores
Hide
Comments
May contain spoilers
Recently Published
Alphabetical 'K' Countries by Flag Minefield
by ylime102
Geography
3m
Pick 6: Fruits
by JohnFran
Miscellaneous
15s
Click the 1999 NBA Draft
by nibperrychub
Sports
2m
More to Explore
Quiz From the Vault
Featured Blog Post
15 Basketball Trivia Facts You Can Be March Mad About
hide this ad
You Might Also Like...
Tags
Baseball Quiz
Hall of Fame
Today's Top Quizzes in Sports
Browse Sports
hide this ad
Today's Top Quizzes in Baseball
Browse Baseball
Top Contributed Quizzes in Sports
1
Pick 6: NFL Teams
2
MLB 2 truths and a lie: Hall of Fame pitchers
3
Les joueurs à 100 buts en Ligue 1 Uber Eats
4
Don't Strike Out: 3000 Strikeouts
5
Criteria MLB: Left Handed Sluggers
6
Pick 6: Minor League Baseball
7
2022 World Cup Stars
8
Click the 1998 NBA Draft
9
Millionaire: NBA Finals Edition
10
MLB Players with Two .350 Batting Average Seasons
Explore More
Trending Topics
Disney
Harry Potter
NBA
Kpop
Anime
Crossword
Marvel
The Office
Puzzle
WWE
Pokémon
Soccer
Song
Country
NFL
hide this ad
More By:
legend930
Quiz
Plays
Rating
Category
Featured
Created
African Countries by Area
1,311
4.36
Geography
Dec 26, 2009
MLB Hall of Fame Catchers
508
4.00
Sports
Oct 16, 2010
Top 100 Career Saves Leaders
410
4.50
Sports
Oct 14, 2010
Teams Never Played Yankees Postseason
331
4.17
Sports
May 15, 2010
Yankee All Star Appearences
253
5.00
Sports
Jun 10, 2010
Go to Creator's Profile
Score Distribution
Quiz Creator Spotlight
legend930
Follow
Send a Message
Quizzes Created
-
Created Quiz Play Count
-
More By This Creator
Popular Quizzes Today
1
Find the US States - No Outlines Minefield
2
Countries of Asia Without Outlines Minefield
3
Pick 6: Fruits
4
Alphabetical 'K' Countries by Flag Minefield
5
The Countries of the World
6
Find the US States
7
Match the Book to the Film X
8
Click the 1999 NBA Draft
More Sports Quizzes
NBA Teams Loop V
Editor's Pick
Trending Quizzes
Pick 6: Mountains
Pick 6: Harry Potter
Pick 6: NFL Teams
Pick 6: Movie Franchises
Pick 6: Golfers
Recently Updated
NWSL Teams
pecheneg
Women's Final Four Teams by Year
bhenderson79
Presidents Quartet II
eogle
Anything But Clue(do)
eogle
Anything But Oceanian Capitals
eogle
Anything But 7
eogle
Anything But Thing
eogle
Word Ladder: February 29
pecheneg
Song Title Questions
pecheneg
Women's NCAA Tournament #1 Seeds
pecheneg
Trending Topics
NBA
Harry Potter
Crossword
Disney
Anime
Marvel
Kpop
Soccer
Country
WWE
Song
The Office
NFL
Puzzle
Pokémon
Your Account Isn't Verified!
In order to create a playlist on Sporcle, you need to verify the email address you used during registration. Go to your
Sporcle Settings
to finish the process.
Report this User
Report this user for behavior that violates our
Community Guidelines
.
Details:
Send Report
Go to the Sporcle.com Mobile Site →
Comments